[Event "Valby K41 Spring-C"]
[Site "Valby"]
[Date "2010.03.16"]
[Round "2"]
[White "Krogh, Soren"]
[Black "Mariager, Ruth"]
[Result "1-0"]
[WhiteElo "1309"]
[BlackElo "1000"]
[PlyCount "43"]
[EventDate "2010.03.09"]
[EventType "swiss"]
[EventRounds "7"]
[EventCountry "DEN"]
[SourceTitle "EXT 2023"]
[Source "ChessBase"]
[SourceDate "2022.10.05"]
[SourceVersion "1"]
[SourceVersionDate "2022.10.05"]
[SourceQuality "1"]

1. d4 e6 2. Nf3 Nf6 3. c4 Nc6 4. Nc3 Be7 5. e4 d5 6. e5 Ne4 7. Be2 0-0 8. 0-0 Nxc3 9. bxc3 dxc4 10. Bxc4 Na5 11. Bd3 c5 12. Qe2 Qd5 13. Rd1 Bd7 14. Ng5 f5 15. Nf3 Bc6 16. a4 a6 17. c4 Qd7 18. dxc5 Nb3 19. Bc2 Qc7 20. Bxb3 Bxc5 21. Ng5 g6 22. Nxe6 1-0